| 000 | 03620cam a22003978i 4500 | ||
|---|---|---|---|
| 001 | 21438157 | ||
| 003 | CSPC | ||
| 005 | 20250814124746.0 | ||
| 008 | 200219s2020 nju b 001 0 eng | ||
| 010 | _a 2020008266 | ||
| 020 |
_a9781119539513 _q(paperback) |
||
| 035 | _a21438157 | ||
| 040 |
_aDLC _beng _erda _cDLC _dCSPC |
||
| 042 | _apcc | ||
| 050 | 0 | 0 |
_aNA2760 _b.L47 2020 |
| 082 | 0 | 0 |
_a720.103 _bL585d _223 |
| 100 | 1 |
_aLewis, Nigel C., _eauthor. |
|
| 245 | 1 | 0 |
_aDesign and order : _bperceptual experience of built form principles in the planning and making of place / _cNigel C Lewis. |
| 250 | _aFirst edition. | ||
| 263 | _a2006 | ||
| 264 | 1 |
_aHoboken, New Jersey : _bJohn Wiley & Sons Ltd, _c2020. |
|
| 300 |
_axxv, 627 pages : _billustrations ; _c25 cm. |
||
| 336 |
_atext _btxt _2rdacontent |
||
| 337 |
_aunmediated _bn _2rdamedia |
||
| 338 |
_avolume _bnc _2rdacarrier |
||
| 504 | _aIncludes bibliographical references and index. | ||
| 505 | 0 | _aSection I. The environment -- Part I. The environment - natural, ecological and historical (Topography) -- Natural sites and places -- Ecological and climatic context and basic protection needs -- Historical and regional development -- Section II. Human behaviour and design -- Part II. Human behaviour (Neuro-physiology) -- The brain, the mind and sensing -- The eyes and the visual system -- The senses -- Part III. Perceptual experience of form (Psychology and phenomenology) -- Aesthetic theories and perception of built form -- Part IV. grammar and syntax of form, and composition -- Architectural ordering, composition, form and beauty -- Part V. Planning and design process, and programme requirements (methodology) -- Design framework, methods and approaches -- Pattern language approach -- Section III. Form, function and fir -- Part VI. Form and fit -- Physical built form in space -- Geometrical layout and organisation - axes, shapes and repeating patterns -- Proportion, symmetry and harmony -- Organisational forms and layout -- Functional purpose and use of space -- Circulation, plan and elevation -- Colour and contrast -- Part VII. Building structure and types -- Structure -- Section IV. Built and Urban form -- Part VIII. 'Good' practice - built form -- Buildings and dwellings -- Part IX. 'Good' practice - urban form -- Urban form. | |
| 520 |
_a"This book outlines the fundamental characteristics that are evident in the creation of built form and illustrates how they determine the experience of resultant places. It consolidates the key criteria that need to be taken into consideration in the development of built form or urban spaces. While not a design manual for architects, it does provide a coherent overview of the principles that underpin design, and by consideration and illustration of each of the individual elements, an integrated understanding of both the principles and the perception of design is developed. The designer can then apply or discard these principles in the development of urban designs, with a solid understanding the implications of the decisions they make"-- _cProvided by publisher. |
||
| 650 | 0 |
_aArchitecture _xComposition, proportion, etc. |
|
| 650 | 0 |
_aArchitecture _xHuman factors. |
|
| 776 | 0 | 8 |
_iOnline version: _aLewis, Nigel C. _tDesign and order. _bFirst edition _dHoboken, NJ : Wiley, 2020 _z9781119539537 _w(DLC) 2020008267 |
| 906 |
_a7 _bcbc _corignew _d1 _eecip _f20 _gy-gencatlg |
||
| 942 |
_2ddc _cBK _e23 _h720.103 _iL585d _kENG _m2020 _n0 |
||
| 999 |
_c30015 _d30015 |
||